Investments

Saved in:
Bibliographic Details
Main Author: Sharpe, William F.
Format: Book
Language:English
Published: Englewood Cliffs Prentice-Hall, Inc. 1981
Edition:2. ed.
Subjects:
Tags: Add Tag
No Tags, Be the first to tag this record!

MARC

LEADER 00000nam a2200000 4500
001 c103191
005 20221123135421.9
020 |a 0-13-504613-0 
041 0 |a eng 
044 |a us 
245 1 0 |a Investments  |c William F. Sharpe 
250 |a 2. ed. 
264 1 |a Englewood Cliffs  |b Prentice-Hall, Inc.  |c 1981 
300 |a 654 s. 
610 2 0 |a investície 
610 2 0 |a trh 
610 2 0 |a ceny trhové 
610 2 0 |a riziko 
610 2 0 |a portfólio 
610 2 0 |a analýzy 
610 2 0 |a kapitál 
610 2 0 |a modely cenové 
610 2 0 |a dane 
610 2 0 |a inflácia 
610 2 0 |a príjmy 
610 2 0 |a akcie 
610 2 0 |a spoločnosti investičné 
610 2 0 |a analýza finančná 
610 2 0 |a manažment 
610 2 0 |a diverzifikácia 
610 2 0 |a USA 
100 1 |a Sharpe, William F.